| 000 | 00357nam a2200133Ia 4500 | ||
|---|---|---|---|
| 005 | 20251222144638.0 | ||
| 008 | 251222s9999||||xx |||||||||||||| ||spa|| | ||
| 020 | _a84-7434-593-6 | ||
| 082 | _a331.4/B84 | ||
| 100 | _aBrocas, Anne-Marie | ||
| 245 | 0 | _aLas Mujeres y la Seguridad Social: | |
| 264 | _bMinisterio de Trabajo y Seguridad Social | ||
| 942 | _cLIB | ||
| 999 |
_c16577 _d16577 |
||